Verdrag tot instelling van de Benelux Economische Unie
Guardat en:
| Format: | Text |
|---|---|
| Publicat: |
La Haye:
s.e.
|
| Etiquetes: |
Afegir etiqueta
Sense etiquetes, Sigues el primer a etiquetar aquest registre!
|
MARC
| LEADER | 00000 a a2200000 04500 | ||
|---|---|---|---|
| 001 | 23508 | ||
| 003 | |||
| 040 | |||
| 090 | |a 163300 | ||
| 245 | |a Verdrag tot instelling van de Benelux Economische Unie | ||
| 260 | |a La Haye: |b s.e. | ||
| 300 | |a 39 p. | ||
| 999 | |c 6252 |d 6252 | ||
